|
|
|
|
| LEADER |
00000nam a2200000 i 4500 |
| 001 |
1/54083 |
| 008 |
070906s2006 gre d |
| 020 |
|
|
|a 960-456-038-7
|
| 035 |
|
|
|l 10090471
|
| 040 |
|
|
|a GR-MY-UA
|b gre
|e aacr
|
| 041 |
0 |
|
|a gre
|
| 082 |
0 |
|
|a 551.5
|2 (22)
|
| 100 |
1 |
|
|a Μπαλτάς, Ευάγγελος Α.
|
| 245 |
1 |
0 |
|a Εφαρμοσμένη μετεωρολογία /
|c Ευάγγελος Α. Μπαλτάς
|
| 260 |
|
|
|a Θεσσαλονίκη :
|b Ζήτης,
|c c2006
|
| 300 |
|
|
|a 363 σ.;
|b εικ., πίν.;
|c 24 εκ.
|
| 504 |
|
|
|a Βιβλιογραφία: σ.359-363
|
| 650 |
0 |
0 |
|a Meteorology.
|
| 650 |
0 |
0 |
|a Meteorological stations, Radar.
|
| 650 |
0 |
0 |
|a Weather radar networks.
|
| 650 |
0 |
0 |
|a Atmospheric physics.
|
| 650 |
0 |
0 |
|a Hydrological forecasting.
|
| 852 |
|
|
|a INST
|b LESVOS
|e 20070906
|h 551.5 ΜΠΑ
|p 005100037689
|q 005100037689
|t BK
|y 0
|
| 852 |
|
|
|a INST
|b LESVOS
|e 20080222
|h 551.5 ΜΠΑ
|p 005100040046
|q 005100040046
|t BK
|y 0
|
| 852 |
|
|
|a INST
|b SAMOS
|c EUDOXUS
|e 20130301
|h 551.5 ΜΠΑ
|p 005300033289
|q 005300033289
|t EDX
|y 0
|
| 852 |
|
|
|a INST
|b SAMOS
|c EUDOXUS
|e 20130301
|h 551.5 ΜΠΑ
|p 005300033290
|q 005300033290
|t EDX
|y 0
|
| 901 |
|
|
|a BIBL3-2013-1
|
| 901 |
|
|
|a BIBL1-2007-3
|
| 901 |
|
|
|a BIBL1-2008-1
|
| 909 |
|
|
|a Σ
|b 172671
|
| 909 |
|
|
|a Σ
|b 172672
|
| 909 |
|
|
|a Λ
|b 136612
|
| 909 |
|
|
|a Λ
|b 142047
|
| 920 |
|
|
|a ΕΥΔΟΞΟΣ
|b ΠΑΡΑΓΓΕΛΙΑ
|y ΣΑΜΟΣ-ΤΣΑΧΜ
|z 2013-02
|
| 922 |
|
|
|a 1ΕΛΗ
|b 200707
|c ΕΠΕΑΕΚ2/ΤΓ
|d Σ. ΠΑΤΑΚΗΣ
|
| 922 |
|
|
|a 1ΕΛΗ
|b 200711
|c ΕΠΕΑΕΚ2/ΤΠ
|d Σ. ΠΑΤΑΚΗΣ
|
| 970 |
|
|
|a ΧΑΤΖΗΜΙΧΑΗΛ
|b ΜΑΡΙΑ
|z 2007/09/6
|